[Event "5th IT Lukavac 2016"]
[Site "Lukavac"]
[Date "2016.11.26"]
[Round "5.14"]
[White "Mahmutbegovic, Muharem"]
[Black "Hutinovic, Halim"]
[Result "1/2-1/2"]
[WhiteElo "1843"]
[BlackElo "2019"]
[PlyCount "132"]
[EventDate "2016.11.24"]

1. e4 c6 2. d4 d5 3. Nc3 dxe4 4. Nxe4 Bf5 5. Ng3 Bg6 6. h4 h6 7. Nh3 e6 8. Nf4
Bh7 9. Be3 Nf6 10. Bd3 Bxd3 11. Qxd3 Bd6 12. O-O-O Nbd7 13. Ngh5 Nxh5 14. Nxh5
Qa5 15. Nxg7+ Kf8 16. Nxe6+ fxe6 17. Qg6 Qf5 18. Bxh6+ Rxh6 19. Qxh6+ Kf7 20.
g3 Rg8 21. Qe3 Nf6 22. Qb3 b5 23. Qc3 c5 24. Qa5 cxd4 25. Qxa7+ Kg6 26. Qxd4
Bc5 27. Qd3 Qxd3 28. Rxd3 Bxf2 29. Rf3 Ng4 30. Kd2 e5 31. Ke2 Bc5 32. Rc3 Bd4
33. Rc6+ Kf5 34. c3 Be3 35. Rf1+ Ke4 36. a4 Nh2 37. Rh1 Rd8 38. Rd1 Rf8 39.
Rdd6 Rf2+ 40. Kd1 Rxb2 41. axb5 Rxb5 42. Kc2 Ng4 43. h5 Kf3 44. h6 Rb7 45. Rg6
Rh7 46. c4 Nxh6 47. Rcf6+ Ke2 48. c5 Nf7 49. c6 Nd8 50. Rg8 Bb6 51. Rd6 Nxc6
52. Rxc6 Bd4 53. Rc4 Ke3 54. Rg4 Rh2+ 55. Kb3 Rb2+ 56. Ka3 Rb7 57. Rh4 Kd3 58.
Ra4 Rb1 59. Rh2 Bc3 60. Rh3 Rg1 61. g4+ Kc2 62. Rh2+ Bd2 63. Rxd2+ Kxd2 64. Re4
Kc3 65. Ka4 Kd3 66. Rxe5 Rxg4+ 1/2-1/2

[Event "5th IT Lukavac 2016"]
[Site "Lukavac"]
[Date "2016.11.26"]
[Round "5.15"]
[White "Muhibic, Cazim"]
[Black "Buljubasic, Sabahudin"]
[Result "0-1"]
[WhiteElo "1931"]
[BlackElo "2361"]
[PlyCount "50"]
[EventDate "2016.11.24"]

1. d4 Nf6 2. Nf3 g6 3. Bf4 c5 4. Be5 Bg7 5. c3 cxd4 6. Bxd4 Nc6 7. e3 O-O 8.
Be2 d6 9. Bxf6 Bxf6 10. Nbd2 Bd7 11. O-O a6 12. h3 Qc7 13. Ne4 Bg7 14. Qd2 Rad8
15. Rfd1 d5 16. Ng3 Bc8 17. Qc2 f5 18. Rac1 Kh8 19. Nd4 f4 20. exf4 Qxf4 21.
Nf3 Ne5 22. Kh2 Bxh3 23. Qd2 Nxf3+ 24. Bxf3 Qxd2 25. Rxd2 Bh6 0-1

[Event "5th IT Lukavac 2016"]
[Site "Lukavac"]
[Date "2016.11.26"]
[Round "5.16"]
[White "Sadikovic, Jasmin"]
[Black "Selimovic, Mahir"]
[Result "1/2-1/2"]
[WhiteElo "2128"]
[BlackElo "1930"]
[PlyCount "168"]
[EventDate "2016.11.24"]

1. e4 c5 2. Nf3 Nc6 3. Bc4 e6 4. Nc3 g6 5. d4 cxd4 6. Nxd4 a6 7. Be3 Bg7 8.
Nxc6 bxc6 9. Bc5 d5 10. exd5 cxd5 11. Nxd5 Rb8 12. Bd4 Nf6 13. Ne3 O-O 14. O-O
Qc7 15. Qe2 Ra8 16. Bb3 Bb7 17. Qc4 Qf4 18. Bc5 Ne4 19. f3 Qg5 20. fxe4 Rfc8
21. Rxf7 Rxc5 22. Qxe6 Qxe3+ 23. Kh1 Kh8 24. Rxb7 Rh5 25. Qg4 Be5 26. h3 Rg5
27. Qf3 Qxf3 28. gxf3 Rd8 29. Bd5 Rg3 30. Rf1 Rxh3+ 31. Kg1 h5 32. f4 Bd4+ 33.
Kg2 Rh4 34. c3 Be3 35. f5 g5 36. Rh1 Rxh1 37. Kxh1 h4 38. f6 h3 39. Be6 Rf8 40.
f7 Kg7 41. Bxh3 Rxf7 42. Rxf7+ Kxf7 43. Kg2 Bc1 44. b3 Bd2 45. c4 Bb4 46. Kf3
Kf6 47. Bf1 a5 48. Ke3 Ke5 49. Bh3 Bc5+ 50. Kf3 Bb4 51. Bf5 Bc5 52. Kg4 Kf6 53.
Bd7 Bb4 54. e5+ Kxe5 55. Kxg5 Kd4 56. Kf5 Bc5 57. Ke6 Bf8 58. Bb5 Ba3 59. Kd7
Kc5 60. Kc7 Bc1 61. Kb7 Bb2 62. Ka6 Bc3 63. Kb7 Be1 64. Ka6 Bc3 65. Kb7 Be1 66.
Kc7 Bc3 67. Kd7 Be1 68. Ke6 Bc3 69. Kf5 Be1 70. Ke4 Bc3 71. Kd3 Be1 72. Kc2 Bb4
73. Kb2 Be1 74. Kc2 Bb4 75. Be8 Ba3 76. Kc3 Bb4+ 77. Kb2 Be1 78. Ka3 Bc3 79.
Ka4 Bd2 80. Ka3 Bc1+ 81. Ka4 Bd2 82. Bf7 Bb4 83. Bd5 Bd2 84. a3 Be1 1/2-1/2

[Event "5th IT Lukavac 2016"]
[Site "Lukavac"]
[Date "2016.11.26"]
[Round "5.17"]
[White "Huremovic, Elmedin"]
[Black "Coric, Ahmed"]
[Result "1/2-1/2"]
[WhiteElo "1899"]
[BlackElo "2081"]
[PlyCount "80"]
[EventDate "2016.11.24"]

1. e4 c5 2. Nf3 d6 3. d4 cxd4 4. Nxd4 Nf6 5. Nc3 a6 6. Bd3 e5 7. Nf3 Be6 8. O-O
Nc6 9. h3 d5 10. exd5 Nxd5 11. Nxd5 Bxd5 12. Re1 f6 13. b3 Bb4 14. Bd2 Bxf3 15.
gxf3 Bxd2 16. Qxd2 O-O 17. Kg2 Kh8 18. Rg1 f5 19. Qe3 Qf6 20. Kh2 Rad8 21. Rad1
Rd4 22. c3 Rd6 23. Be2 Rfd8 24. Rxd6 Rxd6 25. Rd1 g6 26. Qc5 Rxd1 27. Bxd1 Qe7
28. Qd5 Qd8 29. Qf7 Qe7 30. Qd5 Kg7 31. b4 Kf6 32. Bb3 g5 33. a4 h5 34. Qg8 h4
35. Qh8+ Kg6 36. Qg8+ Qg7 37. Qe6+ Qf6 38. Qg8+ Qg7 39. Qe6+ Qf6 40. Qg8+ Kh6
1/2-1/2

[Event "5th IT Lukavac 2016"]
[Site "Lukavac"]
[Date "2016.11.26"]
[Round "5.18"]
[White "Zupcevic, Nedim"]
[Black "Lapo, Safet"]
[Result "1/2-1/2"]
[WhiteElo "2080"]
[BlackElo "1799"]
[PlyCount "121"]
[EventDate "2016.11.24"]

1. d4 d6 2. e4 Nf6 3. Nc3 g6 4. Bc4 Bg7 5. Qe2 Nc6 6. Be3 e5 7. dxe5 dxe5 8.
Rd1 Qe7 9. Nf3 Bg4 10. h3 Bxf3 11. gxf3 O-O 12. Nd5 Nxd5 13. exd5 Na5 14. c3
Nxc4 15. Qxc4 b6 16. Kd2 Rac8 17. Kc2 Rfd8 18. h4 a5 19. h5 Rd6 20. f4 Qf6 21.
hxg6 hxg6 22. fxe5 Qf5+ 23. Kb3 Bxe5 24. a3 Qf3 25. Rhe1 Kg7 26. Bd4 Bxd4 27.
Qxd4+ Qf6 28. Re7 Qxd4 29. Rxd4 Kf6 30. Re3 g5 31. Kc4 Kg6 32. Kb5 f5 33. Re7
c6+ 34. dxc6 Rcxc6 35. Rxd6+ Rxd6 36. Rb7 f4 37. Rxb6 Rxb6+ 38. Kxb6 g4 39. c4
g3 40. fxg3 fxg3 41. c5 g2 42. c6 g1=Q+ 43. Kb7 Qg2 44. b4 axb4 45. axb4 Qd5
46. Kb6 Qd4+ 47. Ka6 Qxb4 48. c7 Qa4+ 49. Kb7 Qb5+ 50. Ka8 Qc6+ 51. Kb8 Qb6+
52. Ka8 Qa6+ 53. Kb8 Qd6 54. Ka8 Qd7 55. Kb8 Qb5+ 56. Ka8 Qc6+ 57. Kb8 Qd6 58.
Kb7 Qd7 59. Kb8 Qb5+ 60. Ka7 Qc6 61. Kb8 1/2-1/2

[Event "5th IT Lukavac 2016"]
[Site "Lukavac"]
[Date "2016.11.26"]
[Round "5.19"]
[White "Gavranovic, Tahir"]
[Black "Osmanbegovic, Avdo"]
[Result "1/2-1/2"]
[WhiteElo "1875"]
[BlackElo "2027"]
[PlyCount "131"]
[EventDate "2016.11.24"]

1. e4 c5 2. c3 d5 3. e5 e6 4. d4 Qb6 5. Nf3 Bd7 6. Be2 cxd4 7. cxd4 Bb5 8. O-O
Bxe2 9. Qxe2 Nc6 10. Be3 Nge7 11. Nc3 Nf5 12. Rad1 Rc8 13. g4 Nxe3 14. fxe3 Be7
15. Qf2 O-O 16. g5 f6 17. gxf6 gxf6 18. Qg2+ Kh8 19. Qe2 fxe5 20. dxe5 Rf5 21.
Kh1 Rcf8 22. e4 dxe4 23. Nxe4 Nxe5 24. Nxe5 Rxe5 25. Rxf8+ Bxf8 26. Qf3 Rf5 27.
Qc3+ Bg7 28. Qc8+ Rf8 29. Qd7 Qe3 30. Ng3 Qf3+ 31. Kg1 Qf2+ 32. Kh1 Qxb2 33.
Qxe6 a5 34. Rf1 Rxf1+ 35. Nxf1 Qf6 36. Qe8+ Bf8 37. Nd2 b6 38. a4 Kg7 39. Qd7+
Be7 40. h3 Kh6 41. Qg4 Bc5 42. Nf3 Qa1+ 43. Ng1 Qxg1+ 44. Qxg1 Bxg1 45. Kxg1
Kg5 46. Kf2 Kf4 47. Kg2 h5 48. Kf2 h4 49. Ke2 Kg3 50. Ke3 Kg2 51. Kf4 Kxh3 52.
Kf3 Kh2 53. Kf2 Kh1 54. Kf1 h3 55. Kf2 h2 56. Kf1 b5 57. axb5 a4 58. b6 a3 59.
b7 a2 60. b8=Q a1=Q+ 61. Kf2 Qa2+ 62. Ke3 Qg2 63. Qb5 Qg3+ 64. Ke2 Kg2 65. Qd5+
Kh3 66. Qh5+ 1/2-1/2

[Event "5th IT Lukavac 2016"]
[Site "Lukavac"]
[Date "2016.11.26"]
[Round "5.20"]
[White "Pasalic, Adnan"]
[Black "Habibovic, Hazim"]
[Result "1-0"]
[WhiteElo "2027"]
[BlackElo "1915"]
[PlyCount "75"]
[EventDate "2016.11.24"]

1. d4 g6 2. c4 Bg7 3. e4 d6 4. Nc3 Nf6 5. Nf3 Bg4 6. Be2 O-O 7. O-O Nc6 8. Be3
Nd7 9. h3 Bxf3 10. Bxf3 e5 11. d5 Ne7 12. Be2 f5 13. f3 f4 14. Bf2 g5 15. b4
Ng6 16. c5 Nf6 17. Rc1 Rf7 18. a4 h5 19. b5 Bf8 20. c6 b6 21. a5 Rg7 22. Ra1
Qc8 23. axb6 cxb6 24. Ra6 Be7 25. Qa4 Bd8 26. Ra1 Qb8 27. Qc4 Ne8 28. Na4 Nc7
29. Nxb6 axb6 30. Rxa8 Nxa8 31. Qa4 Nc7 32. Qa7 Qxa7 33. Rxa7 Nf8 34. Bxb6 Nxb5
35. Rxg7+ Kxg7 36. Bxd8 Na7 37. Ba6 Ng6 38. Bb6 1-0

[Event "5th IT Lukavac 2016"]
[Site "Lukavac"]
[Date "2016.11.26"]
[Round "5.21"]
[White "Basic, Enver"]
[Black "Zivkovic, Milenko"]
[Result "0-1"]
[WhiteElo "1869"]
[BlackElo "1988"]
[PlyCount "26"]
[EventDate "2016.11.24"]

1. e4 e5 2. f4 exf4 3. Nf3 g5 4. h4 g4 5. Ne5 Nf6 6. Nxg4 Nxe4 7. Qf3 Qe7 8.
Be2 Ng3 9. Rh2 Nc6 10. c3 h5 11. Nf2 Ne5 12. Qd5 c6 13. Qd4 Nf3+ 0-1

[Event "5th IT Lukavac 2016"]
[Site "Lukavac"]
[Date "2016.11.26"]
[Round "5.24"]
[White "Uysal, Ugur"]
[Black "Selimovic, Amir"]
[Result "0-1"]
[WhiteElo "1532"]
[BlackElo "1937"]
[PlyCount "64"]
[EventDate "2016.11.24"]

1. Nf3 Nf6 2. d4 g6 3. c4 Bg7 4. g3 c6 5. Bg2 O-O 6. Nc3 d6 7. O-O Qc7 8. b3 e5
9. Bb2 Bg4 10. h3 Bxf3 11. Bxf3 Nbd7 12. Bg2 Rfe8 13. dxe5 dxe5 14. Qc2 Nf8 15.
Rfd1 Ne6 16. e3 a5 17. Ba3 Rad8 18. Rac1 Bh6 19. Na4 Nh5 20. Bf3 Nhg7 21. Nc3
f5 22. Ne2 f4 23. e4 fxg3 24. fxg3 Bxc1 25. Bxc1 Rxd1+ 26. Qxd1 Rd8 27. Qc2
Qb6+ 28. Kg2 Nd4 29. Nxd4 Qxd4 30. Kf1 Ne6 31. Ke2 Qg1 32. Qb2 Nd4+ 0-1

[Event "5th IT Lukavac 2016"]
[Site "Lukavac"]
[Date "2016.11.26"]
[Round "5.26"]
[White "Halilovic, Fahrudin"]
[Black "Zenelaj, Samuel"]
[Result "1-0"]
[WhiteElo "2092"]
[BlackElo "1707"]
[PlyCount "61"]
[EventDate "2016.11.24"]

1. e4 e5 2. Bc4 Nf6 3. d4 exd4 4. Nf3 Nc6 5. e5 Bb4+ 6. c3 dxc3 7. bxc3 Be7 8.
exf6 Bxf6 9. Qe2+ Qe7 10. Qxe7+ Bxe7 11. O-O O-O 12. Re1 d6 13. Bd5 Bf6 14.
Bxc6 bxc6 15. Bg5 Bxg5 16. Nxg5 Bf5 17. Nd2 Rfe8 18. h3 c5 19. f4 f6 20. Ngf3
Kf8 21. g4 Bd7 22. Kf2 d5 23. Nb3 c4 24. Nc5 Rad8 25. Nd4 Rxe1 26. Rxe1 Kf7 27.
a4 a6 28. a5 Bc8 29. Nc6 Re8 30. Rxe8 Kxe8 31. Ke3 1-0

[Event "5th IT Lukavac 2016"]
[Site "Lukavac"]
[Date "2016.11.26"]
[Round "5.27"]
[White "Brcaninovic, Enes"]
[Black "Kasumovic, Muhidin"]
[Result "0-1"]
[WhiteElo "1650"]
[BlackElo "2044"]
[PlyCount "56"]
[EventDate "2016.11.24"]

1. e4 Nc6 2. Nc3 Nf6 3. Nf3 e5 4. Bc4 Bb4 5. d3 d5 6. exd5 Nxd5 7. Bd2 Nxc3 8.
Bxc3 Bxc3+ 9. bxc3 Bg4 10. h3 Bh5 11. Qe2 O-O 12. O-O Re8 13. Qe3 Kh8 14. Rae1
a6 15. Nd2 Qd6 16. Ne4 Qa3 17. Qd2 f5 18. Ng3 Bg6 19. Bb3 Rad8 20. Qc1 Qc5 21.
Qg5 Rf8 22. Qd2 Qa5 23. Rd1 e4 24. d4 f4 25. Ne2 Qg5 26. Nc1 Ne5 27. Kh1 Qh4
28. Be6 Bh5 0-1

[Event "5th IT Lukavac 2016"]
[Site "Lukavac"]
[Date "2016.11.26"]
[Round "5.28"]
[White "Mulic, Sulejman"]
[Black "Kocanovic, Armin"]
[Result "1-0"]
[WhiteElo "1937"]
[BlackElo "1665"]
[PlyCount "87"]
[EventDate "2016.11.24"]

1. e4 e6 2. d4 d5 3. Nd2 Nf6 4. e5 Nfd7 5. Bd3 c5 6. c3 Nc6 7. Ne2 cxd4 8. cxd4
f6 9. f4 fxe5 10. dxe5 Nc5 11. Nf3 Nxd3+ 12. Qxd3 Be7 13. O-O O-O 14. a3 Bd7
15. Be3 a5 16. Kh1 a4 17. Rac1 Na5 18. Rfd1 Qe8 19. Nfd4 Nc4 20. Rc2 b5 21. Bc1
Qb8 22. Qg3 Ra6 23. Qg4 Rb6 24. Nf3 b4 25. Rxc4 dxc4 26. Rxd7 Qe8 27. Rd1 c3
28. axb4 cxb2 29. Bxb2 Bxb4 30. Bd4 Ra6 31. Ng5 a3 32. Ra1 Qg6 33. h4 h6 34. h5
Qf5 35. Qxf5 Rxf5 36. g4 Rf8 37. Ne4 Rd8 38. Kg2 Kf7 39. Ra2 Ke7 40. Kf3 Ra4
41. Ke3 Kf7 42. Bc5 Bxc5+ 43. Nxc5 Ra5 44. Nb7 1-0

[Event "5th IT Lukavac 2016"]
[Site "Lukavac"]
[Date "2016.11.26"]
[Round "5.29"]
[White "Cabric, Izet"]
[Black "Mikic, Ivana"]
[Result "1-0"]
[WhiteElo "1933"]
[BlackElo "1577"]
[PlyCount "91"]
[EventDate "2016.11.24"]

1. c4 Nf6 2. Nc3 g6 3. g3 Bg7 4. Bg2 O-O 5. d4 d6 6. e3 e5 7. Nge2 Nbd7 8. b4
a5 9. b5 Rb8 10. a4 Nb6 11. Qb3 Be6 12. d5 Bf5 13. e4 Bc8 14. Ba3 Nbd7 15. O-O
Nh5 16. Rac1 Nc5 17. Bxc5 dxc5 18. Nd1 b6 19. Ne3 Bh6 20. Rcd1 Ng7 21. Qd3 Ne8
22. f4 exf4 23. gxf4 Nd6 24. Ng3 Bg7 25. e5 Ne8 26. Ne4 f6 27. e6 f5 28. Ng5
Nd6 29. Nf3 Qe7 30. Ne5 Bxe5 31. fxe5 Ne8 32. d6 cxd6 33. exd6 Qg5 34. Kh1 Bxe6
35. Bd5 Bxd5+ 36. Qxd5+ Kh8 37. d7 Ng7 38. Qe5 Kg8 39. Nd5 Kh8 40. Qd6 Qd8 41.
Ne7 Ra8 42. Nc6 Qh4 43. Rf4 Qg5 44. d8=Q Raxd8 45. Nxd8 Rxd8 46. Qxd8+ 1-0

[Event "5th IT Lukavac 2016"]
[Site "Lukavac"]
[Date "2016.11.26"]
[Round "5.30"]
[White "Unkic, Mesud"]
[Black "Imamovic, Samir"]
[Result "0-1"]
[WhiteElo "1784"]
[BlackElo "1898"]
[PlyCount "104"]
[EventDate "2016.11.24"]

1. e4 e5 2. Nf3 Nc6 3. Bb5 d6 4. d3 Bd7 5. O-O a6 6. Bc4 Na5 7. Bb3 Nxb3 8.
axb3 Be7 9. Nc3 Nf6 10. h3 O-O 11. Be3 c6 12. Ng5 d5 13. exd5 cxd5 14. Bd2 Qc8
15. Nf3 e4 16. dxe4 dxe4 17. Nh2 Bd6 18. f4 Bc5+ 19. Kh1 e3 20. Be1 Bc6 21. Nf3
Re8 22. Qe2 Nh5 23. Ng5 g6 24. f5 Re5 25. Bh4 h6 26. fxg6 fxg6 27. Nf7 Qxh3+
28. Kg1 Qxh4 29. Nxe5 Ng3 30. Qc4+ Qxc4 31. bxc4 Nxf1 32. Kxf1 Rf8+ 33. Ke1
Bxg2 34. Rd1 g5 35. Ke2 Rf2+ 36. Kd3 Bh3 37. Na4 Bf5+ 38. Kc3 Rxc2+ 39. Kb3 e2
40. Rd8+ Bf8 41. Nf3 Rc1 42. Re8 g4 43. Rxe2 gxf3 44. Rf2 Bg4 45. Rd2 Re1 46.
Nc3 Bc5 47. Nd5 f2 48. Rxf2 Bxf2 49. Nf6+ Kg7 50. Nxg4 Be3 51. Kc3 h5 52. Ne5
Bg5 0-1

[Event "5th IT Lukavac 2016"]
[Site "Lukavac"]
[Date "2016.11.26"]
[Round "5.31"]
[White "Karlovic, Zvonimir"]
[Black "Hodzic, Mujo"]
[Result "1-0"]
[WhiteElo "1873"]
[BlackElo "1441"]
[PlyCount "81"]
[EventDate "2016.11.24"]

1. Nf3 Nf6 2. d4 e6 3. c4 d5 4. Nc3 Bb4 5. Bg5 Bxc3+ 6. bxc3 c6 7. Bxf6 Qxf6 8.
e3 Nd7 9. Be2 O-O 10. O-O Rd8 11. Qc2 h6 12. Rab1 Qe7 13. Rfd1 dxc4 14. Bxc4
Nb6 15. Bb3 Nd7 16. e4 Nf6 17. e5 Nd5 18. Nd2 Nc7 19. Ne4 Nb5 20. Qe2 b6 21.
Rd3 Na3 22. Rc1 Ba6 23. c4 b5 24. Rg3 Rxd4 25. Qg4 Qg5 26. Nxg5 Rxg4 27. Rxg4
hxg5 28. cxb5 Bxb5 29. Rxg5 Rd8 30. Rg3 Bc4 31. Rxc4 Nxc4 32. Bxc4 Rd1+ 33. Bf1
Kf8 34. Rc3 Ra1 35. Ra3 Re1 36. f4 Rc1 37. Rxa7 c5 38. Rc7 Rc2 39. a4 Ra2 40.
Bb5 g6 41. Rxc5 1-0

[Event "5th IT Lukavac 2016"]
[Site "Lukavac"]
[Date "2016.11.26"]
[Round "5.32"]
[White "Nalic, Ahmet"]
[Black "Ozturk, Nil"]
[Result "1-0"]
[WhiteElo "2019"]
[BlackElo "1314"]
[PlyCount "61"]
[EventDate "2016.11.24"]

1. b4 d5 2. Bb2 e6 3. Nf3 Nf6 4. a3 Be7 5. e3 O-O 6. d4 Nbd7 7. Nbd2 a6 8. c4
b6 9. Qc2 Bb7 10. Bd3 dxc4 11. Nxc4 Bxf3 12. gxf3 Re8 13. Rc1 c5 14. bxc5 bxc5
15. O-O Qc7 16. Ne5 g6 17. Nxd7 Nxd7 18. dxc5 Rec8 19. c6 Nb8 20. Qc3 f6 21.
Be4 Rf8 22. Rfd1 Ra7 23. Qb3 Kf7 24. Bd4 Ra8 25. Qb7 Rc8 26. Qxa8 Nxc6 27. Qxc6
Qxc6 28. Rxc6 Rd8 29. Rb1 f5 30. Bc2 Ke8 31. Rxa6 1-0

[Event "5th IT Lukavac 2016"]
[Site "Lukavac"]
[Date "2016.11.26"]
[Round "5.37"]
[White "Sabanagic, Mirza"]
[Black "Peric, Pero"]
[Result "1-0"]
[WhiteElo "1596"]
[BlackElo "1761"]
[PlyCount "119"]
[EventDate "2016.11.24"]

1. e4 c5 2. Nf3 Nc6 3. d4 cxd4 4. Nxd4 g6 5. Nc3 Bg7 6. Be3 Nf6 7. f3 Qb6 8.
Qd2 Nxe4 9. fxe4 Bxd4 10. Bxd4 Qxd4 11. Bd3 O-O 12. O-O-O d6 13. h4 Ne5 14. h5
Ng4 15. Rde1 Nf2 16. Rhf1 Nxd3+ 17. cxd3 Bd7 18. Rh1 Qg7 19. hxg6 fxg6 20. Rh6
Rf7 21. Reh1 Qd4 22. Qg5 Qf6 23. Qd5 Bc6 24. Qb3 e6 25. g4 Qg5+ 26. Kb1 d5 27.
Qd1 Raf8 28. R6h3 a6 29. a3 Qe5 30. d4 Qf4 31. e5 a5 32. Ka1 b5 33. Na2 Rb8 34.
Qc2 Rc7 35. Rc3 Rbc8 36. Rc1 Qxd4 37. Qe2 b4 38. axb4 axb4 39. Rb3 Ra7 40. Kb1
Rb7 41. Qa6 Qb6 42. Qxb6 Rxb6 43. Rxb4 Rxb4 44. Nxb4 Bb7 45. Rxc8+ Bxc8 46. Kc2
Bb7 47. Kd3 Kg7 48. Ke3 g5 49. Nd3 Kg6 50. Nc5 Bc8 51. b4 h5 52. Kf3 h4 53. b5
d4 54. b6 Bb7+ 55. Kf2 Kf7 56. Nxb7 d3 57. Nd6+ Kg6 58. b7 d2 59. b8=Q d1=Q 60.
Qg8+ 1-0

[Event "5th IT Lukavac 2016"]
[Site "Lukavac"]
[Date "2016.11.26"]
[Round "5.38"]
[White "Pleh, Semir"]
[Black "Rakita, Jandrija"]
[Result "0-1"]
[WhiteElo "1702"]
[BlackElo "1544"]
[PlyCount "92"]
[EventDate "2016.11.24"]

1. d4 d5 2. c4 dxc4 3. Nc3 a6 4. a4 Nc6 5. d5 Na5 6. e4 e6 7. Nf3 Bb4 8. Be2 h6
9. O-O Nf6 10. Bf4 O-O 11. Qc2 exd5 12. Rad1 c6 13. exd5 cxd5 14. Na2 Qb6 15.
h3 Be6 16. Nd4 Bc5 17. Be3 Nb3 18. Nxb3 Bxe3 19. Nd2 Bxd2 20. Rxd2 Ne4 21. Rdd1
Ng3 22. Rfe1 Ne4 23. Bf3 f5 24. Nc3 Nxc3 25. Qxc3 Rad8 26. Rd4 Rd6 27. Re5 Rf6
28. Qd2 Qc6 29. Rexd5 Rxd5 30. Rxd5 Qxa4 31. Rd8+ Kh7 32. Bxb7 a5 33. Ra8 Qb4
34. Qxb4 axb4 35. Ra4 c3 36. bxc3 bxc3 37. Ra3 c2 38. Rc3 Bb3 39. g4 Rd6 40.
Bc8 Rd1+ 41. Kg2 c1=Q 42. Bxf5+ g6 43. Rxb3 Rg1+ 44. Kh2 Rh1+ 45. Kg3 Qg1+ 46.
Kh4 Qxf2+ 0-1

[Event "5th IT Lukavac 2016"]
[Site "Lukavac"]
[Date "2016.11.27"]
[Round "6.2"]
[White "Jovovic, Milan"]
[Black "Trkulja, Goran"]
[Result "0-1"]
[WhiteElo "1974"]
[BlackElo "2301"]
[PlyCount "86"]
[EventDate "2016.11.24"]

1. d4 c5 2. d5 e5 3. c4 d6 4. Nc3 Be7 5. f4 exf4 6. Bxf4 Nf6 7. e4 O-O 8. Be2
Nbd7 9. h3 Re8 10. Qc2 a6 11. g4 Nf8 12. O-O-O Ng6 13. Bg3 Nd7 14. Nf3 Nde5 15.
Nxe5 Nxe5 16. Bxe5 Bg5+ 17. Kb1 Rxe5 18. Bd3 Bd7 19. Rdf1 h6 20. Qf2 Bf6 21.
Ne2 b5 22. Ng3 bxc4 23. Bxc4 Re7 24. Nf5 Bxf5 25. exf5 Rb8 26. b3 Qa5 27. Rc1
Bd4 28. Qh2 Qa3 29. Rhe1 Be5 30. Qd2 a5 31. Rxe5 Rxe5 32. f6 a4 33. fxg7 axb3
34. axb3 Rxb3+ 35. Bxb3 Qxb3+ 36. Ka1 Re4 37. Rc2 Ra4+ 38. Ra2 Rxa2+ 39. Qxa2
Qxa2+ 40. Kxa2 Kxg7 41. h4 Kf6 42. Kb3 Ke5 43. Kc4 f6 0-1

[Event "5th IT Lukavac 2016"]
[Site "Lukavac"]
[Date "2016.11.27"]
[Round "6.3"]
[White "Vajic, Goran"]
[Black "Kozarcanin, Sead"]
[Result "1-0"]
[WhiteElo "2295"]
[BlackElo "2030"]
[PlyCount "87"]
[EventDate "2016.11.24"]

1. e4 e5 2. Nf3 Nc6 3. d4 exd4 4. Bc4 Nf6 5. e5 d5 6. Bb5 Ne4 7. Nxd4 Bd7 8.
Bxc6 bxc6 9. O-O c5 10. Nb3 Bc6 11. f3 Ng5 12. f4 Ne4 13. c3 c4 14. Nd4 Bc5 15.
Be3 Qe7 16. Nd2 Nxd2 17. Qxd2 Bb7 18. Qf2 O-O-O 19. Nc6 Bxc6 20. Bxc5 Qe6 21.
Qd4 f6 22. Rae1 fxe5 23. Rxe5 Qf7 24. Bxa7 Rhe8 25. Bc5 Re6 26. h3 Rde8 27.
Rfe1 Rxe5 28. Rxe5 Rxe5 29. Qxe5 Qg6 30. f5 Qh5 31. Bd4 Kb7 32. Kh2 Qf7 33. g4
g6 34. f6 h5 35. Kg3 hxg4 36. hxg4 Bd7 37. Kf4 Be6 38. Kg5 Qd7 39. Qf4 Qh7 40.
Be5 c5 41. Bd6 Kc6 42. Be7 Bf7 43. Qd6+ Kb7 44. Qd7+ 1-0

[Event "5th IT Lukavac 2016"]
[Site "Lukavac"]
[Date "2016.11.27"]
[Round "6.4"]
[White "Budimir, Boris"]
[Black "Prskalo, Vladislav"]
[Result "1-0"]
[WhiteElo "2245"]
[BlackElo "1980"]
[PlyCount "47"]
[EventDate "2016.11.24"]

1. e4 d6 2. d4 Nf6 3. Nc3 g6 4. f4 Bg7 5. Nf3 O-O 6. e5 Nfd7 7. h4 c5 8. e6
fxe6 9. h5 Nc6 10. d5 Nd4 11. hxg6 h6 12. dxe6 Nf6 13. Nxd4 cxd4 14. Qxd4 Bxe6
15. f5 Bxf5 16. Bxh6 Bxg6 17. O-O-O Bxh6+ 18. Rxh6 Kg7 19. Rh3 Qb6 20. Qd2 Rac8
21. Bd3 Bxd3 22. Qxd3 Kf7 23. Re1 Qc5 24. Rh7+ 1-0

[Event "5th IT Lukavac 2016"]
[Site "Lukavac"]
[Date "2016.11.27"]
[Round "6.5"]
[White "Hadzipasic, Emir"]
[Black "Ahmic, Nesim"]
[Result "1-0"]
[WhiteElo "2074"]
[BlackElo "2006"]
[PlyCount "105"]
[EventDate "2016.11.24"]

1. Nf3 c6 2. d4 Nf6 3. e3 d6 4. Bc4 Bg4 5. c3 Nbd7 6. Nbd2 e5 7. dxe5 Nxe5 8.
Be2 Nxf3+ 9. Nxf3 d5 10. O-O Bd6 11. b3 Qc7 12. h3 Bh5 13. Bb2 Rd8 14. Nd4 Bg6
15. Bf3 O-O 16. Qe2 Rfe8 17. c4 dxc4 18. Qxc4 Be5 19. Rac1 a6 20. Rfd1 h6 21.
b4 Qb8 22. a4 Rc8 23. Ba1 Red8 24. a5 Nd5 25. Bg4 Re8 26. Bxc8 Qxc8 27. Nxc6
Bxa1 28. Rxd5 bxc6 29. Rd6 Bf6 30. Rxc6 Qf5 31. Qxa6 Bh4 32. Qe2 Kh7 33. a6 Qe5
34. b5 Be4 35. Rc7 Rd8 36. R7c5 Qe7 37. b6 Bd3 38. Qa2 Bf6 39. a7 Be4 40. Rc7
Qd6 41. Qb3 Be5 42. Rc8 Qg6 43. g4 h5 44. Rxd8 hxg4 45. h4 Qf6 46. a8=Q Bxa8
47. Qd3+ g6 48. Rxa8 Qxh4 49. Qe4 Qh2+ 50. Kf1 g3 51. Qg2 Qh6 52. b7 gxf2 53.
b8=Q 1-0

[Event "5th IT Lukavac 2016"]
[Site "Lukavac"]
[Date "2016.11.27"]
[Round "6.6"]
[White "Obuca, Bajro"]
[Black "Trumic, Enes"]
[Result "1-0"]
[WhiteElo "2114"]
[BlackElo "2278"]
[PlyCount "65"]
[EventDate "2016.11.24"]

1. e4 e5 2. Bc4 Nf6 3. d3 c6 4. Nf3 Be7 5. h3 O-O 6. O-O d6 7. Bb3 Na6 8. Be3
Qc7 9. Nc3 b5 10. a3 Nc5 11. Ba2 Rb8 12. Re1 a5 13. Ne2 d5 14. exd5 Nxd5 15.
Bxd5 cxd5 16. Nxe5 Qxe5 17. Bf4 Qxb2 18. Bxb8 Ne6 19. Rb1 Qxa3 20. Rxb5 Bd7 21.
Rb3 Qc5 22. d4 Qc4 23. Be5 a4 24. Rb7 Qc6 25. Qb1 Bd8 26. c3 Bc8 27. Rb8 Ba6
28. Qb4 Bc4 29. Nf4 Re8 30. Qd6 Qxd6 31. Bxd6 a3 32. Bxa3 g5 33. Nh5 1-0

[Event "5th IT Lukavac 2016"]
[Site "Lukavac"]
[Date "2016.11.27"]
[Round "6.7"]
[White "Rosic, Slavko S"]
[Black "Barisic, Predrag"]
[Result "1/2-1/2"]
[WhiteElo "2255"]
[BlackElo "1954"]
[PlyCount "133"]
[EventDate "2016.11.24"]

1. e4 e6 2. d4 d5 3. Nd2 Nf6 4. e5 Nfd7 5. Bd3 c5 6. c3 Nc6 7. Ne2 Be7 8. O-O
O-O 9. Nf3 b6 10. Re1 a5 11. Nf4 Ba6 12. Bb1 Re8 13. a3 Rc8 14. Be3 Nf8 15. g3
cxd4 16. cxd4 Ng6 17. h4 b5 18. h5 Nxf4 19. gxf4 f5 20. exf6 gxf6 21. Kh1 Kh8
22. Ng5 Qd7 23. Nf7+ Kg7 24. h6+ Kxf7 25. Qh5+ Kf8 26. Bxh7 f5 27. Rg1 Bf6 28.
Bg6 Ke7 29. Bxe8 Qxe8 30. Rg6 Kd6 31. Rc1 Qf7 32. Rg5 Qxh5+ 33. Rxh5 Rb8 34. h7
Nxd4 35. Rg1 Nc6 36. Rg8 Bxb2 37. Bd2 Rc8 38. Rxc8 Bxc8 39. h8=Q Bxh8 40. Rxh8
Bd7 41. Kg2 b4 42. axb4 axb4 43. Kf1 d4 44. Ke2 Kc5 45. Kd1 Ne7 46. Kc2 Ba4+
47. Kb2 Bb5 48. Ra8 Bc4 49. Re8 Nc6 50. Rc8 Bd5 51. Be1 Kc4 52. Bd2 Kd3 53. Bc1
Ke2 54. Rh8 d3 55. f3 Kxf3 56. Rh3+ Ke2 57. Re3+ Kd1 58. Rxd3+ Ke2 59. Re3+ Kd1
60. Rd3+ Ke2 61. Re3+ Kd1 62. Rd3+ Ke2 63. Rd2+ Ke1 64. Rh2 Kd1 65. Bd2 Bc4 66.
Bxb4 Nxb4 67. Kc3 1/2-1/2

[Event "5th IT Lukavac 2016"]
[Site "Lukavac"]
[Date "2016.11.27"]
[Round "6.8"]
[White "Sinanovic, Ermin"]
[Black "Nezirovic, Ozren"]
[Result "1-0"]
[WhiteElo "2016"]
[BlackElo "2039"]
[PlyCount "55"]
[EventDate "2016.11.24"]

1. e4 e5 2. Nf3 Nc6 3. Bb5 a6 4. Ba4 g6 5. O-O Bg7 6. c3 Nge7 7. d4 exd4 8.
cxd4 b5 9. Bb3 O-O 10. Re1 d6 11. h3 Bb7 12. Nc3 Na5 13. Bc2 Nc4 14. b3 Nb6 15.
Bg5 h6 16. Be3 Rc8 17. Qd2 Kh7 18. Rad1 Ra8 19. h4 Bc8 20. Ne2 Bg4 21. Nh2 Bc8
22. h5 f5 23. hxg6+ Nxg6 24. Nf4 Nxf4 25. Bxf4 d5 26. exf5 Bxf5 27. Bxf5+ Rxf5
28. Qc2 1-0

[Event "5th IT Lukavac 2016"]
[Site "Lukavac"]
[Date "2016.11.27"]
[Round "6.9"]
[White "Buljubasic, Sabahudin"]
[Black "Zivkovic, Milenko"]
[Result "1-0"]
[WhiteElo "2361"]
[BlackElo "1988"]
[PlyCount "57"]
[EventDate "2016.11.24"]

1. e4 Nf6 2. Nc3 d5 3. exd5 Nxd5 4. Bc4 Nxc3 5. Qf3 e6 6. dxc3 Be7 7. Bf4 Bd6
8. O-O-O Bxf4+ 9. Qxf4 Qe7 10. Nf3 O-O 11. h4 Nc6 12. Rhe1 Rd8 13. Rxd8+ Nxd8
14. Bd3 c5 15. Re5 f6 16. Re3 Bd7 17. h5 Qf7 18. g4 g5 19. hxg6 hxg6 20. Qd6
Rc8 21. Bxg6 Qg7 22. Be4 Be8 23. Re1 Qc7 24. Qd2 Bc6 25. Bxc6 Qxc6 26. Qf4 e5
27. Qf5 Rc7 28. g5 fxg5 29. Qxg5+ 1-0